LEADER 01599nam a2200373 a 4500 001 000000172568 003 CaOOAMICUS 005 20190826154808.0 008 190826s2019 it u000 u ita r 020 $a978-88-13-36943-9* 032 $aLibriCat 040 $aPUL$bita 082 04$a346.4508 245 00$aCommentario breve al testo unico bancario /$cRenzo Costi, Francesco Vella ; con la collaborazione di Carla Avolio ... [et al.]. 260 $aPadova :$bCEDAM,$c©2019. 300 $aXVIII, 1095 p. ;$c22 cm 440 0$aBreviaria Iuris 500 $aComprende indici. 500 $aTesto su due colonne. 650 4$aBanche e istituti di credito$xLegislazione.$0(OLS)http://pul/subject/38795 650 4$aDiritto privato$zItalia.$0(OLS)http://pul/subject/1235 700 1 $aVella, Francesco.$0(OLS)http://pul/name/110811 700 1 $aAvolio, Carla.$0(OLS)http://pul/name/110812 700 1 $aCosti, Renzo.$0(OLS)http://pul/name/110810 830 0$aBreviaria Iuris.$0(OLS)http://pul/title/8521 850 $aPUL 852 $aPUL$W1$xSL Diritto e Scienze Sociali 3$y79$m348. 45 COD 1.1.73$j196515$qDDC 21$B201277$CPULBib$Z2$F201277 $H133304 $82 941 1 $a9 996 $6020$a978-88-13-36943-9*$9(OLS)http://pul/number/166645 996 $6082$a346.4508$9(OLS)http://pul/classification/2310 996 $6440$aBreviaria Iuris$9(OLS)http://pul/title/8521 996 $6245$aCommentario breve al testo unico bancario$9(OLS)http://pul/title/213533 996 $6260$aPadova :$bCEDAM$9(OLS)http://pul/publisher/48126 LEADER 01273nam a2200313 u 4500 001 000000019277 003 CaOOAMICUS 005 20070226110753.0 008 950206s1994 ch u000 u fre u 020 $a2-8271-0678-7 035 $a10463382 040 $aPUL$bita 041 0 $afre$beng 100 1 $aMunier, Charles,$csacerdote,$d1922-2011.$0(OLS)http://pul/name/14926 245 12$aL'Apologie de Saint Justin philosophe et martyr /$cCharles Munier. 260 $aFribourg, Suisse :$bÉditions Universitaires,$c1994. 300 $axxv, 174 p. ;$c23 cm 490 1 $aParadosis ;$v38 500 $aComprende indici. 504 $aBibliografia: p. ix-xxv. 600 04$aIustinus Martyr,$cs.,$dm. 166.$tApologia Prima.$0(OLS)http://pul/subject/12992 830 0$aParadosis ;$v38.$0(OLS)http://pul/title/2776 850 $aPUL 852 $aPUL$W1$xSL Religione 1$y3$m20 B 38$j27127$nBK-PRI$b $qStampati$B27127$CPULBib$Z2$F27127 $H $81 941 1 $a8 961 $aINV: 72294 996 $6020$a2-8271-0678-7$9(OLS)http://pul/number/24645 996 $6245$aL'Apologie de Saint Justin philosophe et martyr$9(OLS)http://pul/title/27304 996 $6260$aFribourg, Suisse :$bÉditions Universitaires$9(OLS)http://pul/publisher/51835